Seguridad y salud en el trabajo

Detalles Bibliográficos
Formato: eBook
Lenguaje:español
Publicado: Barcelona: [s.n.], 2008-
Materias:
Acceso en línea:Acceso restringido

MARC

LEADER 00000nam a22000007a 4500
005 20131009183527.0
007 cr|||| |||
008 131009c20089999es r|| s|||| 0|||a1spa d
035 |a 11509 
040 |a vLex 
090 |c 4533  |d 4533 
245 0 0 |a Seguridad y salud en el trabajo  |h [Recurso electrn̤ico] 
256 |a Servicio en ln̕ea 
260 |a Barcelona:  |b [s.n.],  |c 2008- 
300 |a 1 recurso electrn̤ico 
310 |a Cada dos meses 
362 |a Nm︢. 1 (2008) - 
506 1 |a Contenido solo disponible en los productos indicados  |d vLex Global  |d vLex Global (Academic Edition, excluding Law Schools)  |d vLex Global (U.S. Academic Edition, Law Schools)  |d vLex Global (U.S. Academic Edition, excluding Law Schools)  |d vLex Global (Academic Edition, Law Schools) 
650 0 4 |a Seguridad en el trabajo  |z Espaą 
740 0 |a vLex Revistas (Servicio en ln̕ea) 
856 4 0 |u http://vlex.com/source/11509  |z Acceso restringido 
942 |c REV 
999 0 |a Industrial safety